000 00507cam a2200145 4500500
005 20251012013723.0
041 _afre
042 _adc
100 1 0 _aRivet de Sabatier, Philippe
_eauthor
245 0 0 _aLouis Quéré, Avoir confiance. Presses universitaires de France, 2024, 408 pages, €25.
260 _c2025.
500 _a92
786 0 _nÉtudes | Avril | 4 | 2025-03-24 | p. 135-135 | 0014-1941
856 4 1 _uhttps://shs.cairn.info/journal-etudes-2025-4-page-135?lang=en&redirect-ssocas=7080
999 _c1529953
_d1529953